00978nam a22002652a 450000100060000000300080000600500170001400800410003102000150007203500350008704000230012204100110014508200280015610000370018424501140022126000560033530000230039150000230041450400290043765000670046670000260053394200120055999900170057195201240058878390BD-RjUL20211209083126.0210915s1974 cau b 000 0 eng d a0520022343 aOCLC ocm00923411 from D960123M aDLCcDLCdEQObeng0 aengara 223a892.71608bKHA 19741 aKhouri, Mounah Abdallah.924800513aAn anthology of modern Arabic poetry. /cSelected, edited, and translated by Mounah A. Khouri and Hamid Algar aBerkeley :bUniversity of California Press,c[1974] axii, 252 p.c24 cm aEnglish and Arabic aBibliography: p. 249-252 0aArabic poetryy20th centuryxTranslations into English92480061 aAlgar, Hamid.9248007 2ddccBK c78390d78390 00102ddc40718NFICaRUCLbRUCLcReadingd1974-07-06l0o892.71608 KHA 1974r2021-09-16 00:00:00tC-1w2021-09-16yBK